Normal view
MARC view
Entry Topical Term
001 - CONTROL NUMBER
- control field: 53331
003 - CONTROL NUMBER IDENTIFIER
- control field: OSt
005 - DATE AND TIME OF LATEST TRANSACTION
- control field: 20160422125808.0
008 - FIXED-LENGTH DATA ELEMENTS
- fixed length control field: 160422|| aca||aabn | a|a d
040 ## - CATALOGING SOURCE
- Original cataloging agency: OSt
- Transcribing agency: OSt
150 ## - HEADING--TOPICAL TERM
- Topical term or geographic name entry element: अधिकार
670 ## - SOURCE DATA FOUND
- Source citation: Work cat.: (OSt)44954: जोशी ए. एस 53330, संविधान के अन्तर्गत , 2010









